Central Library, Doon University
WEBOPAC (ONLINE PUBLIC ACCESS CATALOGUE)

Uttarakhand At 25 Reflecting a Journey of Development (Record no. 60274)

MARC details
000 -LEADER
fixed length control field 00543nam a22002057a 4500
005 - DATE & TIME
control field 20260206162526.0
008 - FIXED-LENGTH DATA ELEMENTS--GENERAL INFORMATION
fixed length control field 260206b |||||||| |||| 00| 0 eng d
020 ## - ISBN
International Standard Book Number 9788119680382
Price 1595.00
040 ## - CATALOGING SOURCE
Original cataloging agency Doon University
041 ## - Language
Language English
082 ## - DDC NUMBER
Classification number 338.52
Book Number BHA
100 ## - MAIN ENTRY--PERSONAL NAME
Personal name Bhatt, Vipul
245 ## - TITLE STATEMENT
Title Uttarakhand At 25 Reflecting a Journey of Development
260 ## - PUBLICATION, DISTRIBUTION, ETC. (IMPRINT)
Place of publication, distribution, etc Delhi
Name of publisher, distributor, etc Academic
Date of publication, distribution, etc 2024
300 ## - PHYSICAL DESCRIPTION
Pages 209
650 ## - Subject
Subject Economics
700 ## - Added Entry Personal Name
Added Entry Personal Name Pundir, Vibha
700 ## - Added Entry Personal Name
Added Entry Personal Name Pandey, Navanshu
942 ## - ADDED ENTRY ELEMENTS (KOHA)
Koha item type Books
100 ## - MAIN ENTRY--PERSONAL NAME
-- 26175
650 ## - Subject
-- 79
700 ## - Added Entry Personal Name
-- 17292
700 ## - Added Entry Personal Name
-- 26227
952 ## - LOCATION AND ITEM INFORMATION (KOHA)
-- 2026-02-06
952 ## - LOCATION AND ITEM INFORMATION (KOHA)
-- 2026-02-06
952 ## - LOCATION AND ITEM INFORMATION (KOHA)
-- 2026-02-06
952 ## - LOCATION AND ITEM INFORMATION (KOHA)
-- 2026-02-06
952 ## - LOCATION AND ITEM INFORMATION (KOHA)
-- 2026-02-06
Holdings
Withdrawn status Lost status Source of classification or shelving scheme Damaged status Not for loan Location (home branch) Sublocation or collection (holding branch) Date acquired Koha full call number Accession No. Koha date last seen Koha item type Koha issues (times borrowed)
        Not For Loan Doon University Doon University 06.02.2026 338.52 BHA 52409 06.02.2026 Reference  
          Doon University Doon University 06.02.2026 338.52 BHA 52410 06.02.2026 Books  
          Doon University Doon University 06.02.2026 338.52 BHA 52411 06.02.2026 Books  
          Doon University Doon University 06.02.2026 338.52 BHA 52412 06.02.2026 Books  
          Doon University Doon University 06.02.2026 338.52 BHA 52413 06.02.2026 Books  
Contact : +91-135-2533126 (Library),+91-135-2533105 (Admin Office) , Email : doonlibrary@gmail.com

Powered by Koha